| 000 | 00569nam a2200145Ia 4500 | ||
|---|---|---|---|
| 008 | 171212s9999 xx 000 0 und d | ||
| 020 | _a9781920942304 | ||
| 100 | _aMuhaimin, A.G. | ||
| 245 |
_cMuhaimin, A.G. _aThe Islamic Traditions of Cirebon _bIbadat and Adat Among Javanese Muslims |
||
| 260 |
_bANU E Press _c2006 |
||
| 440 | _aIslam in Southeast Asia | ||
| 650 | _aIslam -- Indonesia -- Cirebon -- Rituals; Muslims -- Indonesia -- Cirebon; Rites and ceremonies -- Indonesia -- Cirebon | ||
| 650 | _aReligion | ||
| 856 | _uwww.jstor.org/stable/10.2307/j.ctt2jbkqk | ||
| 999 |
_c351367 _d351367 |
||